Countries With the Letter O - Statistics

General Stats
  • This quiz has been taken 102 times
  • The average score is 56 of 66
Answer Stats
Answer % Correct
Oman
96%
Portugal
94%
South Africa
93%
South Korea
93%
Democratic Republicof the Congo
92%
Morocco
92%
North Korea
92%
Poland
92%
Republic of the Congo
92%
Togo
92%
Botswana
90%
Norway
90%
Costa Rica
89%
Dominica
89%
Dominican Republic
89%
Kosovo
89%
Laos
89%
Lesotho
89%
Monaco
89%
Slovakia
89%
Tonga
89%
Jordan
87%
Slovenia
87%
South Sudan
87%
Angola
86%
Bolivia
86%
Bosnia andHerzegovina
86%
Honduras
86%
Mexico
86%
Mongolia
86%
Montenegro
86%
Somalia
86%
Colombia
85%
North Macedonia
85%
Singapore
85%
Andorra
83%
Cambodia
83%
Comoros
83%
Croatia
83%
Ecuador
83%
El Salvador
83%
Ethiopia
83%
Federated States of Micronesia
83%
Indonesia
83%
Luxembourg
83%
Romania
83%
Estonia
82%
Gabon
82%
Georgia
82%
Samoa
82%
São Tomé and Príncipe
82%
Trinidad and Tobago
82%
East Timor
80%
San Marino
80%
United Kingdom
80%
Mozambique
79%
Equatorial Guinea
77%
Lebanon
77%
Moldova
77%
Barbados
75%
Cameroon
75%
Djibouti
75%
Solomon Islands
75%
Burkina Faso
72%
Sierra Leone
72%
Ivory Coast
70%
No matching quizzes found
Score Distribution
Percent of People with Each Score
Percentile by Number Answered
Your Score History
You have not taken this quiz